LotR: The Eagles - Statistics

General Stats
  • This quiz has been taken 16 times
    9 since last reset
  • The average score is 2 of 6
Answer Stats
Answer % Correct
On wings soft as the {wind}.
50%
What has happened to the {world}?
50%
In a {dream} I was lifted up.
33%
Above rivers of {fire}.
17%
Is everything sad going to come {untrue}?
17%
Borne from the {darkness}
0%
No matching quizzes found
Score Distribution
Percent of People with Each Score
Percentile by Number Answered
Your Score History
You have not taken this quiz since the last reset